Quick Pick: Dungeons & Dragons Classes Quiz Stats

 Plays Quiz Updated Aug 12, 2019

Score 0/12 Timer 01:30
6 Plays Today
% Correct
Wizard
84.4%
Cleric
80.4%
Paladin
80.3%
Druid
79.9%
Ranger
78.6%
Sorcerer
73.6%
Barbarian
73.3%
Rogue
71.6%
Bard
71.3%
Fighter
70.5%
Monk
69%
Warlock
68.9%

Today's Daily Dose

Missing Word
Sherlocks

Word Ladder
King of the Hill

Quick Pick
Songs in Pink

Get the Picture
NBA Teammates

You're not logged in!

Compare scores with friends on all Sporcle quizzes.
OR
Log In

Sporcle TV

Today on Sporcle TV


Watch our educational content, quiz creation guides, and fun videos on Sporcle TV.

Show Comments

Extras

Top Quizzes Today


Score Distribution

Your Account Isn't Verified!

In order to create a playlist on Sporcle, you need to verify the email address you used during registration. Go to your Sporcle Settings to finish the process.

Report this User

Report this user for behavior that violates our Community Guidelines.

Details: